| 000 | 00818nam a2200121Ia 4500 | ||
|---|---|---|---|
| 008 | 220615s9999||||xx |||||||||||||| ||und|| | ||
| 245 | 0 | _aHealth Promotion in Health Care – Vital Theories and Research | |
| 546 | _aEnglish[eng] | ||
| 650 | _aNursing Education||Complementary & Alternative Medicine||Health Services Research||Nursing||Complementary and Alternative Medicine||Health Sciences||Open Access||Holistic nursing and health care||Body-mind-spirit||Spiritual model of health care||Chronic or long-term conditions||Salutogenic assets for health and well-being||Health promotion in different populations||Complementary medicine||Health systems & services | ||
| 700 | _aHaugan, Gørill||Eriksson, Monica | ||
| 856 | _uhttps://library.oapen.org/bitstream/20.500.12657/47291/1/9783030631352.pdf | ||
| 942 | _cEB | ||
| 999 |
_c18152 _d18152 |
||